| 000 | 00671cam a2200217 4500 | ||
|---|---|---|---|
| 008 | 090401t1990 xxu||||| |||| 00| 0 eng d | ||
| 020 | _a0854064559 | ||
| 035 | _a(Sirsi) u50822 | ||
| 041 | _aeng | ||
| 050 | _a333.0072 | ||
| 090 | _aRICS 1990/11ABCD | ||
| 110 |
_aRoyal Institution of Chartered Surveyors _94900 |
||
| 245 | _aRepresentation by members of the Royal Institution of Chartered Surveyors on outside research agencies: making our mark | ||
| 260 |
_aLondon _bRoyal Institution of Chartered Surveyors _c1990 |
||
| 300 | _a12p. ; 30cm. | ||
| 350 | _a2 | ||
| 650 | _aABOUT RICS-RICS MEMBERS | ||
| 650 | _aRESEARCH | ||
| 942 | _n0 | ||
| 948 | _c04/03/1997 | ||
| 999 |
_c92754 _d92754 |
||